000 01017nam a22002537a 4500
999 _c1334
_d1334
003 AR-CdUCM
008 190226b ||||| |||| 00| 0 spa d
040 _aMUNICIPALIDAD PROVINCIAL DEL CUSCO
_cBIBLIOTECA MUNICIPAL DEL CUSCO
041 _heng
082 _a310 /
_bR84
100 _aRose, Caroline B.
_95118
245 _aSociología :
_bestudio del hombre en sociedad /
260 _aMéxico :
_bUnión Tipográfica Editorial Hispano Americana (UTEHA),
_c1967.
300 _aXI, 184 +11 páginas ;
_c17 cm.
440 _aCiencias Sociales
_n : 14
_95119
505 _aContenido: Naturaleza de la sociología -- Algunas consideraciones importantes en sociología -- Los métodos empleados por los sociólogos -- Investigaciones sociológicas decisivas: pasado y presente ...
650 _aSociología
_9276
650 _aSociedad - Estudio
_95120
650 _aConceptos
_94442
650 _aHombre
_9838
700 _aOrtuño, Manuel (Traductor)
_95121
942 _2ddc
_cLIBROS
945 _alccs
_d2019-02-26